Global market report 2012 (Record no. 113183)

MARC details
000 -LEADER
fixed length control field 00974cad a22002175a 4500
001 - CONTROL NUMBER
control field L154832
008 - FIXED-LENGTH DATA ELEMENTS--GENERAL INFORMATION
fixed length control field 120123s2012 d f s 000 0 eng d
035 ## - SYSTEM CONTROL NUMBER
System control number (Sirsi) u154832
041 0# - LANGUAGE CODE
Language code of text/sound track or separate title eng
110 2# - MAIN ENTRY--CORPORATE NAME
Corporate name or jurisdiction name as entry element NAI Global
9 (RLIN) 5315
245 00 - TITLE STATEMENT
Title Global market report 2012
Remainder of title values, trends and opportunities in 200+ property markets worldwide
Medium [electronic resource]
260 ## - PUBLICATION, DISTRIBUTION, ETC.
Place of publication, distribution, etc. Princeton
Name of publisher, distributor, etc. NAI Global
Date of publication, distribution, etc. 2012
490 #0 - SERIES STATEMENT
Series statement NAI Global Market Report
Volume/sequential designation 2012
520 ## - SUMMARY, ETC.
Summary, etc. Overview of NAI's comprehensive priced annual publication "Global Market Report" covering commercial property market conditions across United States, Canada, Latin America and the Caribbean, EMEA (Europe, Middle East, Africa) and Asia Pacific regions.
590 ## - LOCAL NOTE (RLIN)
Local note KA NTK
650 24 - SUBJECT ADDED ENTRY--TOPICAL TERM
Topical term or geographic name entry element NAI GLOBAL MARKET REPORT
651 #4 - SUBJECT ADDED ENTRY--GEOGRAPHIC NAME
Geographic name International
690 ## - LOCAL SUBJECT ADDED ENTRY--TOPICAL TERM (OCLC, RLIN)
Topical term or geographic name as entry element Commercial property
9 (RLIN) 6227
856 40 - ELECTRONIC LOCATION AND ACCESS
Uniform Resource Identifier <a href="https://www.naiglobal.com/publications.aspx">https://www.naiglobal.com/publications.aspx</a>
Public note View the item free of charge at www.naiglobal.com
942 ## - ADDED ENTRY ELEMENTS (KOHA)
Suppress in OPAC 0
Holdings
Withdrawn status Lost status Source of classification or shelving scheme Damaged status Not for loan Home library Current library Shelving location Date acquired Total Checkouts Full call number Barcode Date last seen Copy number Price effective from Koha item type
    Dewey Decimal Classification     Virtual Virtual Online 23/01/2012   ONLINE PUBLICATION 154832-2001 06/08/2019 1 06/08/2019 Book